000 00620nam a22001577a 4500
999 _c14607
_d14607
003 AR-CdUCM
008 190424b ||||| |||| 00| 0 spa d
040 _aMUNICIPALIDAD PROVINCIAL DEL CUSCO
_cBIBLIOTECA MUNICIPAL DEL CUSCO
082 _a051 /
_bS01
245 _aBoletín de la sociedad científica del Cuzco :
_bvol. 1 /
260 _aCuzco :
_bG. G. Rozas sucs,
_c1949.
300 _a113 páginas ;
_bimágenes.
_c21 cm.
505 _aContribución al estudio de la picanteria cusqueña --Las especies del género viola -- apuntes sobre los aspectos de vegetación ...
942 _2ddc
_cPP
945 _awfj
_d2019-04-24